[Event "Atviras BTA Lietuvos RAPID2021"]
[Site "Vilnius, Lithuania"]
[Date "2021.07.17"]
[Round "7.8"]
[White "Sakalauskas, Vaidas"]
[Black "Kasparavicius, Laimutis"]
[Result "1-0"]
[WhiteElo "2359"]
[BlackElo "1835"]
[PlyCount "91"]

1. d4 {[%emt 0:18:38]} d6 {[%emt 0:00:01]} 2. c4 {[%emt 0:00:02]} e5 {[%emt 0:
00:01]} 3. d5 {[%emt 0:00:02]} f5 {[%emt 0:00:01]} 4. e4 {[%emt 0:00:01]} fxe4
{[%emt 0:00:35]} 5. Nc3 {[%emt 0:00:01]} Nf6 {[%emt 0:00:10]} 6. Bg5 {[%emt 0:
00:02]} Bf5 {[%emt 0:00:52]} 7. Nge2 {[%emt 0:00:02]} Be7 {[%emt 0:00:43]} 8.
Ng3 {[%emt 0:00:03]} Bg6 {[%emt 0:00:50]} 9. Bxf6 {[%emt 0:00:09]} Bxf6 {[%emt
0:00:04]} 10. Ngxe4 {[%emt 0:00:03]} Be7 {[%emt 0:00:30]} 11. Bd3 {[%emt 0:00:
05]} O-O {[%emt 0:00:16]} 12. O-O {[%emt 0:00:19]} Nd7 {[%emt 0:00:32]} 13. Qe2
{[%emt 0:00:15]} a6 {[%emt 0:01:51]} 14. Rac1 {[%emt 0:00:12]} b6 {[%emt 0:00:
20]} 15. Rfd1 {[%emt 0:00:28]} Qe8 {[%emt 0:00:03]} 16. Qe3 {[%emt 0:01:11]}
Qf7 {[%emt 0:01:25]} 17. Re1 {[%emt 0:00:39]} Rab8 {[%emt 0:00:24]} 18. b4 {
[%emt 0:00:14]} a5 {[%emt 0:00:24]} 19. a3 {[%emt 0:00:07]} axb4 {[%emt 0:00:
24]} 20. axb4 {[%emt 0:00:00]} Nf6 {[%emt 0:00:32]} 21. f3 {[%emt 0:01:01]} Nh5
{[%emt 0:00:07]} 22. Nb5 {[%emt 0:00:13]} Rbc8 {[%emt 0:00:28]} 23. Kh1 {[%emt
0:00:24]} Qf4 {[%emt 0:00:03]} 24. Qxf4 {[%emt 0:00:20]} Nxf4 {[%emt 0:00:16]}
25. Bf1 {[%emt 0:00:02]} Bxe4 {[%emt 0:00:10]} 26. Rxe4 {[%emt 0:00:03]} c6 {
[%emt 0:00:09]} 27. Na7 {[%emt 0:00:23]} cxd5 {[%emt 0:00:10]} 28. Nxc8 {[%emt
0:00:01]} Rxc8 {[%emt 0:00:08]} 29. Ree1 {[%emt 0:00:00]} d4 {[%emt 0:00:06]}
30. g3 {[%emt 0:00:01]} Ne6 {[%emt 0:00:18]} 31. Bd3 {[%emt 0:00:30]} Ng5 {
[%emt 0:00:18]} 32. Kg2 {[%emt 0:00:09]} Ra8 {[%emt 0:00:06]} 33. Ra1 {[%emt 0:
00:10]} Rf8 {[%emt 0:00:04]} 34. Rf1 {[%emt 0:00:28]} Bf6 {[%emt 0:00:18]} 35.
h4 {[%emt 0:00:05]} Ne6 {[%emt 0:00:08]} 36. Be4 {[%emt 0:00:02]} Nd8 {[%emt 0:
00:10]} 37. Ra6 {[%emt 0:00:14]} g6 {[%emt 0:00:06]} 38. Rxb6 {[%emt 0:00:03]}
Nf7 {[%emt 0:00:02]} 39. Bd5 {[%emt 0:00:05]} Re8 {[%emt 0:00:09]} 40. Rxd6 {
[%emt 0:00:10]} Kg7 {[%emt 0:00:02]} 41. Rd7 {[%emt 0:00:02]} Re7 {[%emt 0:00:
03]} 42. Rxe7 {[%emt 0:00:06]} Bxe7 {[%emt 0:00:01]} 43. c5 {[%emt 0:00:09]}
Kf6 {[%emt 0:00:06]} 44. Bxf7 {[%emt 0:00:11]} Kxf7 {[%emt 0:00:01]} 45. Rc1 {
[%emt 0:00:00]} d3 {[%emt 0:00:02]} 46. Rd1 {[%emt 0:00:03]} 1-0